Every Scooby-Doo Where Are You? Villain - Statistics

General Stats
  • This quiz has been taken 202 times
  • The average score is 14 of 32
Answer Stats
Hint Answer % Correct
What a Night for a ... Black Knight
87%
Go Away Ghost Ship Redbeard's Ghost
79%
That's ... Snow Ghost
78%
Which ... is Which? Witch
77%
Jeepers, It's the ... Creeper
71%
Haunted House Hang-Up Phony Phantom
67%
Don't Fool with a ... Wax Phantom
67%
Bedlam in the Big Top Ghost Clown
66%
A Clue for Scooby Doo Ghost of Captain Cutler
62%
Who's Afraid of the Big Bad ... Werewolf
61%
Never Ape an ... Ape Man
58%
Foul Play in Funland Charlie the Robot
56%
Which ... is Which? Zombie
54%
Nowhere to ... Ghost of Mr. Hyde
49%
Decoy for a Dognapper Indian Witch Doctor
49%
A Gaggle of Galloping Ghosts Dracula
45%
A Tiki Scare is No Fair Witch Doctor
45%
Scooby's Night with a Frozen Fright Caveman
38%
Mine Your Own Business Miner Forty-Niner
38%
A Gaggle of Galloping Ghosts Wolfman
32%
A Gaggle of Galloping Ghosts Gypsy
30%
What the Hex Going On? Ghost of Elias Kingston
29%
A Gaggle of Galloping Ghosts Frankenstein's Monster
28%
... Spooky Space Kook
26%
The Backstage Rage Puppet Master
24%
Haunted House Hang-Up Headless Specter
22%
A Night of Fright is No Delight Phantom Shadows
14%
Hassle in the Castle Phantom of Vasquez Castle
12%
Mystery Mask Mix-Up Ghost of Zen Tou
10%
Scooby Doo and a ..., Too Mummy of Ankha
10%
Mystery Mask Mix-Up Zen Tou's Henchmen
9%
Go Away Ghost Ship Redbeard's Henchmen
8%
No matching quizzes found
Score Distribution
Percent of People with Each Score
Percentile by Number Answered
Your Score History
You have not taken this quiz